LEADER 01658naa a2200337 u 4500 001 000000113629 003 CaOOAMICUS 005 20081023152157.0 008 081023s2008 it u000 u ita r 020 $z978-88-6036-265-0* 040 $aPUL$bita$dLDB 100 1 $aPapuzzi, Alberto.$0(OLS)http://pul/name/43857 245 10$aPapa Giovanni :$bla Chiesa, il Concilio, il dialogo /$cAlberto Papuzzi ; in appendice la Mater et magistra, la Pacem in terris e il discorso di apertura del Concilio. 260 $aRoma :$bDonzelli,$cc2008. 300 $a233 p. ;$c20 cm. 490 1 $aVirgola ;$v049 504 $aInclude riferimenti bibliografici 600 04$aIohannes PP.$bXXIII,$cs.,$d1881-1963.$0(OLS)http://pul/subject/1939 710 22$aPapi (1958-1963 : Iohannes PP. XXIII).$tMater et magistra.$0(OLS)http://pul/name/70091 710 22$aPapi (1958-1963 : Iohannes PP. XXIII).$tPacem in terris.$0(OLS)http://pul/name/58684 830 0$aVirgola ;$v049.$0(OLS)http://pul/title/142777 850 $aPUL 852 $aPUL$W1$xSL Cons. Gen., Altre Classi 3$y75$m922 PAPAL 1$j129829$qDDC 21$B128892$CPULBib$Z2$F128892 $H108495 $82 941 1 $a9 960 $aPapi (1958-1963 : Iohannes PP. XXIII)$91939 960 $aPapi (1958-1963 : Iohannes PP. XXIII)$91939 960 $aRoncalli, Angelo Giuseppe,$cs.,$d1881-1963$91939 960 $aGiovanni$bXXIII,$cpapa, s.,$d1881-1963$91939 996 $6020$z978-88-6036-265-0*$9(OLS)http://pul/number/138959 996 $6245$aPapa Giovanni :$bla Chiesa, il Concilio, il dialogo$9(OLS)http://pul/title/142776 996 $6260$aRoma :$bDonzelli$9(OLS)http://pul/publisher/60096 LEADER 01243nam a2200265 a 4500 001 000000153393 003 CaOOAMICUS 005 20160728110203.0 008 160728s1992 it u000 u ita u 032 $aLibriCat 040 $aPUL$bita 100 1 $aFloris, Pierangela.$0(OLS)http://pul/name/97666 245 10$aAutonomia confessionale :$bprincipi-limite fondamentali e ordine pubblico /$cPierangela Floris. 260 $aNapoli :$bJovene,$c©1992. 300 $a295 p. ;$c24 cm. 490 1 $aPubblicazioni della Facoltą di giurisprudenza della Universitą di Cagliari.$aSerie I ;$v43 504 $aBibliografia in nota a pič pagina. 650 4$aDiritto ecclesiastico$xStudi.$0(OLS)http://pul/subject/40517 830 0$aPubblicazioni della Facoltą di giurisprudenza della Universitą di Cagliari.$nSerie I ;$v43.$0(OLS)http://pul/title/23888 850 $aPUL 852 $aPUL$W1$xDP1 Fondo G. Barberini$y122$m3 E 23$j166574$qFondi$B179141$CPULBib$Z2$F179141 $HBar1284 $81 941 1 $a1 996 $6245$aAutonomia confessionale :$bprincipi-limite fondamentali e ordine pubblico$9(OLS)http://pul/title/192855 996 $6260$aNapoli :$bJovene$9(OLS)http://pul/publisher/47845